| 000 | 00569nam a2200205Ia 4500 | ||
|---|---|---|---|
| 003 | IN-BaIIA | ||
| 008 | 211028s9999 xx 000 0 eng d | ||
| 020 | _a978-981-283-389-1 | ||
| 040 | _cIIA Library | ||
| 080 |
_a53 _bPER |
||
| 100 |
_aKane, Gordon _922477 |
||
| 245 | 0 |
_aPerspectives on LHC physics _cAaron Pierce and Gordon Kane |
|
| 260 |
_aNew Jersey _bWorld Scientific _c2008 |
||
| 300 | _axiii, 337p. | ||
| 650 |
_aCMS detectors _932528 |
||
| 650 |
_aDark matter _914945 |
||
| 650 |
_aLHC physics _932529 |
||
| 700 |
_aPierce, Aaron. _932530 |
||
| 942 | _cBK | ||
| 999 |
_c17260 _d17260 |
||